000 00758nac a22002171u 4500
010 _a 96106411
020 _a0750623373
035 _a(OCoLC)33666417
082 0 0 _a621.381535
_bJON
090 _c6058
_d6058
100 _aJones, Morgan.
245 1 0 _aValve amplifiers /
_cMorgan Jones.
260 _aOxford ;
_aBoston :
_bNewnes,c.1995.
_cc.1995.
300 _ax, 374 p. :
_bill. ;
_c24 cm.
500 _aDistributer: Al-Ahram.
504 _aIncludes bibliographical references and index.
511 _aCatalogued By: Mahitab.
650 0 _aAudio amplifiers.
650 0 _aAmplifiers, Vacuum-tube.
942 _cBB
_k621.381535JON
999 _c6058
_d6058